000 00547nam a2200181Ia 4500
008 151202s9999||||xx |||||||||||||| ||und||
082 _bPNVM-31337
100 _aजोशी मृणालीनी.
245 _aमुक्ताई.
260 _b"अनमो प्रकाशन,पुणे."
260 _c0
300 _a181
600 _aजोशी मृणालीनी.
630 _aमुक्ताई.
700 _aजोशी मृणालीनी.
730 _aमुक्ताई.
942 _cBOOK
999 _c1297299
_d1297296